[Event "Xtracon GM"]
[Site "Borup"]
[Date "2009.09.11"]
[Round "6"]
[White "Draeger, Michael"]
[Black "Petrovski, Petruli"]
[Result "1/2-1/2"]
[WhiteElo "1850"]
[BlackElo "1843"]
[PlyCount "136"]
[EventDate "2009.09.04"]
[EventType "swiss"]
[EventRounds "9"]
[EventCountry "DEN"]
[Source "ChessBase"]
[SourceDate "2009.11.03"]

1. e4 c5 2. d4 cxd4 3. c3 dxc3 4. Nxc3 d6 5. Bc4 e6 6. Nf3 Nd7 7. Qe2 Ngf6 8.
O-O Be7 9. Rd1 O-O 10. Bf4 e5 11. Be3 a6 12. h3 Qc7 13. Bd5 Nc5 14. Rac1 Qb8
15. b4 Ne6 16. Qd2 Bd7 17. Ne2 Rc8 18. Ng3 Nc7 19. Bb3 Bf8 20. Ng5 Be6 21. Nxe6
Nxe6 22. f4 Rxc1 23. Rxc1 exf4 24. Bxf4 Nxf4 25. Qxf4 Qd8 26. Nf5 g6 27. Nd4
Qe7 28. Re1 Bg7 29. Nf3 Nh5 30. Qg4 Nf6 31. Qh4 Qc7 32. Ng5 Rf8 33. Qf4 h6 34.
Nf3 Qb6+ 35. Kh1 Qxb4 36. Rd1 Qxe4 37. Qxd6 Qf5 38. Rd4 Ne4 39. Qc7 Qc5 40.
Qxc5 Nxc5 41. Bd5 b5 42. Rd1 b4 43. Nd4 Bxd4 44. Rxd4 a5 45. h4 Kg7 46. Rf4 f5
47. Rc4 Nd3 48. Rc7+ Kf6 49. Ra7 g5 50. hxg5+ hxg5 51. Rxa5 g4 52. g3 Rb8 53.
Bc4 Ne5 54. Bd5 Kg5 55. Kg2 f4 56. Kf2 Re8 57. gxf4+ Kxf4 58. Rb5 g3+ 59. Kg2
Nd3 60. Bc6 Re2+ 61. Kg1 Rxa2 62. Rb8 Rb2 63. Rf8+ Ke3 64. Rf3+ Ke2 65. Rxg3
Rb1+ 66. Kh2 Ne5 67. Be4 Rc1 68. Rb3 Rc3 1/2-1/2

[Event "Xtracon GM"]
[Site "Borup"]
[Date "2009.09.11"]
[Round "6"]
[White "Eriksson, Christian Altenburg"]
[Black "Larsen, Karsten"]
[Result "0-1"]
[WhiteElo "2159"]
[BlackElo "2327"]
[PlyCount "120"]
[EventDate "2009.09.04"]
[EventType "swiss"]
[EventRounds "9"]
[EventCountry "DEN"]
[Source "ChessBase"]
[SourceDate "2009.11.03"]

1. e4 g6 2. d4 c6 3. Nc3 d5 4. h3 Bg7 5. Nf3 Nf6 6. Bd3 dxe4 7. Nxe4 Nxe4 8.
Bxe4 Bf5 9. Bxf5 gxf5 10. Qd3 e6 11. O-O Nd7 12. Re1 O-O 13. Qe2 Qb6 14. c3
Rfe8 15. Bf4 Nf8 16. Ne5 Ng6 17. Nxg6 hxg6 18. b4 a5 19. a3 Qa6 20. Qb2 Qc4 21.
Bc7 axb4 22. axb4 Rec8 23. Rxa8 Rxa8 24. Ra1 Ra6 25. Rxa6 Qxa6 26. Qd2 f6 27.
h4 Qc4 28. Qe3 Kh7 29. g3 Qd5 30. Qe2 b5 31. Qe3 Qd7 32. Bb8 Qd5 33. Bc7 e5 34.
Bb6 Bh6 35. Qe1 e4 36. Bc7 g5 37. hxg5 Bxg5 38. Qe2 Kg6 39. Bf4 Bxf4 40. gxf4
Qb3 41. Qe3 Qd1+ 42. Kg2 Kf7 43. f3 Qc2+ 44. Kg3 Kg6 45. fxe4 fxe4 46. f5+ Kxf5
47. Qf4+ Ke6 48. Qg4+ Kd6 49. Qf4+ Kd5 50. Qf5+ Kc4 51. Qc5+ Kb3 52. Qxc6 Qd3+
53. Kg2 Qe2+ 54. Kg1 e3 55. Qd5+ Kxc3 56. Qc5+ Kb2 57. d5 Qf2+ 58. Kh1 Qd2 59.
Qd6 Qe1+ 60. Kh2 Qf2+ 0-1

[Event "Xtracon GM"]
[Site "Borup"]
[Date "2009.09.11"]
[Round "6"]
[White "Glud, Jakob Vang"]
[Black "Skytte, Rasmus"]
[Result "1-0"]
[WhiteElo "2476"]
[BlackElo "2399"]
[PlyCount "95"]
[EventDate "2009.09.04"]
[EventType "swiss"]
[EventRounds "9"]
[EventCountry "DEN"]
[Source "ChessBase"]
[SourceDate "2009.11.03"]

1. Nf3 b6 2. g3 Bb7 3. Bg2 e5 4. d3 g6 5. O-O Bg7 6. c4 Ne7 7. Nc3 O-O 8. Bg5
h6 9. Bxe7 Qxe7 10. Rc1 Na6 11. a3 Nc5 12. b4 Ne6 13. Nd5 Qd8 14. Qb3 d6 15. e3
Qd7 16. Nd2 Rab8 17. Qa2 Kh8 18. a4 a5 19. bxa5 bxa5 20. Nb3 Ba6 21. Nc3 f5 22.
Nxa5 Nc5 23. d4 Nd3 24. Rcd1 e4 25. Rxd3 exd3 26. Nc6 Rb6 27. Na5 Rb4 28. Bc6
Qf7 29. Nd5 Rbb8 30. Qd2 g5 31. Qxd3 Rb2 32. Qc3 Rbb8 33. Re1 Bc8 34. Bb5 c5
35. Nc6 Rb7 36. Qd3 cxd4 37. exd4 f4 38. Re7 Qh5 39. Rxb7 fxg3 40. hxg3 Bf5 41.
Qe3 Qd1+ 42. Kg2 Bd3 43. Rb8 Bf1+ 44. Kh2 Rxb8 45. Nxb8 Qg4 46. Bd7 Qh5+ 47.
Kg1 Bxc4 48. Nc3 1-0

[Event "Xtracon GM"]
[Site "Borup"]
[Date "2009.09.11"]
[Round "6"]
[White "Ivanov, Mikhail M"]
[Black "Molvig, Henrik"]
[Result "0-1"]
[WhiteElo "2459"]
[BlackElo "2171"]
[PlyCount "126"]
[EventDate "2009.09.04"]
[EventType "swiss"]
[EventRounds "9"]
[EventCountry "DEN"]
[Source "ChessBase"]
[SourceDate "2009.11.03"]

1. Nf3 Nf6 2. g3 g6 3. Bg2 Bg7 4. d4 O-O 5. O-O d6 6. Nc3 Nbd7 7. e4 e5 8. h3
exd4 9. Nxd4 Re8 10. a4 Nc5 11. Re1 a5 12. Ndb5 Bd7 13. Bg5 h6 14. Bd2 Bc6 15.
f3 Qd7 16. b3 Ne6 17. Be3 Nh5 18. Qd2 Nxg3 19. Bxh6 Bxh6 20. Qxh6 Nh5 21. Bf1
Nef4 22. Nd4 Nxh3+ 23. Kh2 N3f4 24. Nf5 Re5 25. Ne2 Rxf5 26. exf5 Qxf5 27. Nxf4
Nxf4 28. Rac1 Bxf3 29. Re3 Be4 30. Bc4 Ne6 31. Bxe6 Qf2+ 32. Kh3 Qg2+ 33. Kh4
fxe6 34. Qg5 Qf2+ 35. Qg3 Qf6+ 36. Qg5 Qf2+ 37. Qg3 Qf5 38. Qg4 d5 39. Qxf5
Bxf5 40. Kg5 Kg7 41. Rh1 Rf8 42. Rf3 Rf7 43. Rf2 Kf8 44. Rfh2 Ke7 45. Rh7 Rxh7
46. Rxh7+ Kd6 47. c3 b6 48. b4 Bc2 49. bxa5 bxa5 50. Rh8 Bxa4 51. Ra8 Bc2 52.
Rxa5 e5 53. Kg4 Bf5+ 54. Kf3 d4 55. cxd4 exd4 56. Ra8 c5 57. Rd8+ Ke5 58. Re8+
Kd5 59. Kf4 c4 60. Re5+ Kd6 61. Ra5 c3 62. Kf3 d3 63. Ra8 c2 0-1

[Event "Xtracon GM"]
[Site "Borup"]
[Date "2009.09.11"]
[Round "6"]
[White "Jakobsen, Ole"]
[Black "Flindt, Thomas"]
[Result "1/2-1/2"]
[WhiteElo "2344"]
[BlackElo "2166"]
[PlyCount "140"]
[EventDate "2009.09.04"]
[EventType "swiss"]
[EventRounds "9"]
[EventCountry "DEN"]
[Source "ChessBase"]
[SourceDate "2009.11.03"]

1. d4 Nf6 2. Nf3 e6 3. g3 c5 4. Bg2 Nc6 5. O-O d5 6. b3 cxd4 7. Nxd4 Bc5 8. Bb2
Qb6 9. e3 Bd7 10. Nxc6 Bxc6 11. Nd2 Rc8 12. c4 d4 13. Bxc6+ Rxc6 14. exd4 Bxd4
15. Bxd4 Qxd4 16. Nf3 Qxd1 17. Rfxd1 Ke7 18. Ne5 Rc7 19. f3 Rd8 20. Rxd8 Kxd8
21. Kf2 Ke7 22. Ke3 Nd7 23. Nxd7 Rxd7 24. b4 Kd8 25. f4 f6 26. a3 Kc7 27. h4 e5
28. fxe5 Re7 29. Rd1 Rxe5+ 30. Kd3 Rf5 31. Ke3 Re5+ 32. Kf4 Re2 33. Rd3 Rc2 34.
c5 Re2 35. h5 g6 36. hxg6 hxg6 37. Rd6 Rf2+ 38. Ke4 Rf1 39. Kd5 Rf3 40. g4 Rf4
41. b5 Rxg4 42. b6+ axb6 43. cxb6+ Kc8 44. Rxf6 Rg1 45. Rf8+ Kd7 46. Rf7+ Kc8
47. Rc7+ Kb8 48. a4 g5 49. a5 g4 50. Rg7 Rc1 51. Rxg4 Rc8 52. Rg7 Rh8 53. Kd6
Kc8 54. Rg6 Rd8+ 55. Kc5 Rh8 56. Rf6 Kd7 57. Rf7+ Kc8 58. Rc7+ Kb8 59. Rg7 Rd8
60. Rg5 Kc8 61. Rd5 Rh8 62. Kb5 Rg8 63. a6 bxa6+ 64. Kxa6 Kb8 65. Rd7 Rh8 66.
Rb7+ Ka8 67. Rf7 Kb8 68. Rf6 Rg8 69. b7 Rh8 70. Rc6 Rg8 1/2-1/2

[Event "Xtracon GM"]
[Site "Borup"]
[Date "2009.09.11"]
[Round "6"]
[White "Johannsen, Kaj"]
[Black "Hvenekilde, Jorgen"]
[Result "0-1"]
[WhiteElo "1996"]
[BlackElo "2163"]
[PlyCount "76"]
[EventDate "2009.09.04"]
[EventType "swiss"]
[EventRounds "9"]
[EventCountry "DEN"]
[Source "ChessBase"]
[SourceDate "2009.11.03"]

1. Nf3 Nf6 2. d4 g6 3. e3 Bg7 4. Bd3 c5 5. c3 Qc7 6. Nbd2 a6 7. Qe2 b6 8. O-O
Bb7 9. Re1 Nc6 10. Nf1 O-O 11. Bd2 d5 12. Ng3 Rfd8 13. Rad1 e6 14. dxc5 bxc5
15. e4 d4 16. e5 Nd7 17. cxd4 cxd4 18. Bg5 Rdc8 19. Bf4 Nc5 20. Bb1 Rd8 21. Qc2
Qb6 22. Rc1 Rd5 23. Qd2 d3 24. Ne4 Nxe4 25. Rxe4 Rad8 26. Rc3 a5 27. a3 Ba6 28.
Ba2 R5d7 29. Be3 Qb7 30. Rb3 Qa8 31. Rh4 Nxe5 32. Nxe5 Bxe5 33. Bb6 Rc8 34. Qh6
Rc1+ 35. Qxc1 d2 36. Qd1 Be2 37. Rbh3 Bxd1 38. Rxh7 Bh5 0-1

[Event "Xtracon GM"]
[Site "Borup"]
[Date "2009.09.11"]
[Round "6"]
[White "Knudsen, Ole Scott"]
[Black "Andersen, Lars Ren"]
[Result "0-1"]
[WhiteElo "1982"]
[BlackElo "2095"]
[PlyCount "72"]
[EventDate "2009.09.04"]
[EventType "swiss"]
[EventRounds "9"]
[EventCountry "DEN"]
[Source "ChessBase"]
[SourceDate "2009.11.03"]

1. e4 c5 2. c3 d5 3. exd5 Qxd5 4. d4 cxd4 5. cxd4 Nc6 6. Nf3 Bg4 7. Nc3 Qd6 8.
Nb5 Qd7 9. Bf4 Rc8 10. d5 Nb4 11. Rc1 Rxc1 12. Bxc1 g6 13. Qb3 Bxf3 14. gxf3 e6
15. dxe6 Qxe6+ 16. Qxe6+ fxe6 17. Nc3 Nf6 18. a3 Nbd5 19. Nxd5 exd5 20. Rg1 Kf7
21. Bd3 Bd6 22. h3 Be5 23. Kf1 Rc8 24. Kg2 Rc6 25. Re1 Bd4 26. Rd1 Be5 27. Bb1
Rb6 28. b4 Rd6 29. f4 Bc3 30. Rd3 d4 31. Ba2+ Ke7 32. Kf3 Rc6 33. Rd1 Ba1 34.
Re1+ Kd7 35. Bb3 Rc3+ 36. Be3 Rxb3 0-1

[Event "Xtracon GM"]
[Site "Borup"]
[Date "2009.09.11"]
[Round "6"]
[White "Krogh, Peter Ove"]
[Black "Skovle, Lars"]
[Result "0-1"]
[WhiteElo "1945"]
[BlackElo "1661"]
[PlyCount "72"]
[EventDate "2009.09.04"]
[EventType "swiss"]
[EventRounds "9"]
[EventCountry "DEN"]
[Source "ChessBase"]
[SourceDate "2009.11.03"]

1. c4 e5 2. Nc3 f5 3. d4 e4 4. g4 d6 5. gxf5 Bxf5 6. Bg2 Qh4 7. Be3 Nf6 8. h3
Be7 9. Qd2 h6 10. Nb5 Na6 11. Qa5 Bd7 12. Nxc7+ Nxc7 13. Qxc7 O-O 14. Qa5 b6
15. Qd2 Rac8 16. b3 d5 17. Rc1 a5 18. Bf4 Bb4 19. Rc3 Bxc3 20. Qxc3 Qxf4 21. e3
Qc7 22. Bf1 Qd6 23. Ne2 Qb4 24. Qxb4 axb4 25. Nc1 Be6 26. cxd5 Bxd5 27. Kd2 Rc7
28. Ba6 Bb7 29. Bc4+ Bd5 30. Ba6 Nd7 31. Rh2 Ra8 32. Bb5 Rac8 33. Bxd7 Rxd7 34.
Ne2 Rdc7 35. Rh1 Rc2+ 36. Kd1 Rxa2 0-1

[Event "Xtracon GM"]
[Site "Borup"]
[Date "2009.09.11"]
[Round "6"]
[White "Kulaots, Kaido"]
[Black "Miezis, Normunds"]
[Result "1-0"]
[WhiteElo "2575"]
[BlackElo "2558"]
[PlyCount "93"]
[EventDate "2009.09.04"]
[EventType "swiss"]
[EventRounds "9"]
[EventCountry "DEN"]
[Source "ChessBase"]
[SourceDate "2009.11.03"]

1. e4 c5 2. Nf3 e6 3. d4 cxd4 4. Nxd4 a6 5. Be2 Nf6 6. Nc3 d6 7. O-O Be7 8. f4
Qc7 9. a4 Nc6 10. Be3 Nxd4 11. Qxd4 e5 12. Qd3 exf4 13. Rxf4 Be6 14. Raf1 Nd7
15. Nd5 Qc6 16. Bd4 Ne5 17. Qg3 Rg8 18. Qf2 Bxd5 19. exd5 Qxd5 20. Bxe5 dxe5
21. Bc4 Qc5 22. Bxf7+ Kd7 23. Rd1+ Kc6 24. Bd5+ Kb6 25. Rb4+ Ka5 26. Rxb7 Qxf2+
27. Kxf2 Bc5+ 28. Ke2 Rab8 29. c3 Rxb7 30. Bxb7 Kxa4 31. Bc6+ Ka5 32. b4+ Bxb4
33. cxb4+ Kxb4 34. Be4 a5 35. Rd7 a4 36. Rb7+ Kc3 37. Ra7 Kb4 38. Rb7+ Kc3 39.
Ra7 Kb4 40. Bc2 a3 41. Ra4+ Kc3 42. Bxh7 Rh8 43. Rxa3+ Kb4 44. Rh3 g6 45. Ke3
Kc5 46. Ke4 Kd6 47. Rh6 1-0

[Event "Xtracon GM"]
[Site "Borup"]
[Date "2009.09.11"]
[Round "6"]
[White "Lund, Silas"]
[Black "Antonsen, Mikkel"]
[Result "0-1"]
[WhiteElo "2392"]
[BlackElo "2428"]
[PlyCount "58"]
[EventDate "2009.09.04"]
[EventType "swiss"]
[EventRounds "9"]
[EventCountry "DEN"]
[Source "ChessBase"]
[SourceDate "2009.11.03"]

1. d4 d5 2. c4 e6 3. Nc3 c6 4. Nf3 dxc4 5. a4 Bb4 6. e3 b5 7. Bd2 a5 8. axb5
Bxc3 9. Bxc3 cxb5 10. b3 Bb7 11. bxc4 b4 12. Bb2 Nf6 13. Bd3 O-O 14. O-O Nbd7
15. Nd2 Re8 16. Qc2 e5 17. f3 Qc7 18. c5 exd4 19. Bxd4 Ne5 20. Bb5 Bc6 21. Ba4
Nd5 22. e4 Bxa4 23. Rxa4 Nc3 24. Bxc3 Qxc5+ 25. Kh1 Rec8 26. Qa2 bxc3 27. Nb3
Qb5 28. Ra1 c2 29. Nc1 Qf1# 0-1

[Event "Xtracon GM"]
[Site "Borup"]
[Date "2009.09.11"]
[Round "6"]
[White "Madsen, Poul Henrik"]
[Black "Bekker Jensen, David"]
[Result "1/2-1/2"]
[WhiteElo "2075"]
[BlackElo "2338"]
[PlyCount "105"]
[EventDate "2009.09.04"]
[EventType "swiss"]
[EventRounds "9"]
[EventCountry "DEN"]
[Source "ChessBase"]
[SourceDate "2009.11.03"]

1. d4 Nf6 2. Nf3 g6 3. Bf4 Bg7 4. e3 d6 5. h3 O-O 6. Be2 Nc6 7. O-O Nd7 8. c4
e5 9. Bh2 exd4 10. exd4 Qf6 11. Nc3 Nxd4 12. Nxd4 Qxd4 13. Nd5 Qxd1 14. Raxd1
c6 15. Nc7 Rb8 16. Bxd6 Be5 17. c5 Bxd6 18. cxd6 Nf6 19. Rfe1 h5 20. Bc4 Bf5
21. f3 h4 22. Rd4 Rbd8 23. Red1 g5 24. Re1 Kg7 25. Re5 Kg6 26. f4 Nd7 27. Ra5
a6 28. Bd3 Bxd3 29. Rxg5+ Kf6 30. Rxd3 Nb6 31. b3 Rd7 32. Re5 Kg6 33. Rg5+ Kh6
34. Rg4 Nc8 35. Rxh4+ Kg7 36. Rg3+ Kf6 37. Rh6+ Kf5 38. Rh5+ Kxf4 39. Rf3+ Ke4
40. Rh4+ Ke5 41. Ne8 f5 42. Rh5 Ke4 43. Rf1 Nxd6 44. Re1+ Kf4 45. Rf1+ Ke4 46.
Re1+ Kd4 47. Nxd6 Rxd6 48. Rd1+ Ke5 49. Re1+ Kd4 50. Rd1+ Ke5 51. Re1+ Kd4 52.
Rd1+ Ke5 53. Re1+ 1/2-1/2

[Event "Xtracon GM"]
[Site "Borup"]
[Date "2009.09.11"]
[Round "6"]
[White "Pedersen, Hans Dahl"]
[Black "Sorensen, Dick"]
[Result "1-0"]
[WhiteElo "2210"]
[BlackElo "2006"]
[PlyCount "137"]
[EventDate "2009.09.04"]
[EventType "swiss"]
[EventRounds "9"]
[EventCountry "DEN"]
[Source "ChessBase"]
[SourceDate "2009.11.03"]

1. c4 f5 2. g3 Nf6 3. Bg2 g6 4. Nc3 Bg7 5. d3 e5 6. e4 d6 7. Nge2 Nc6 8. O-O
O-O 9. Nd5 Ne7 10. Bg5 c6 11. Nxe7+ Qxe7 12. Qd2 Be6 13. b3 Rad8 14. exf5 gxf5
15. d4 Qf7 16. Rad1 Rde8 17. Bxf6 Bxf6 18. d5 cxd5 19. Bxd5 Bxd5 20. Qxd5 Qxd5
21. Rxd5 Re6 22. Rfd1 Be7 23. Rb5 b6 24. Nc3 f4 25. Ne4 fxg3 26. hxg3 h5 27.
Rbd5 h4 28. Nxd6 hxg3 29. fxg3 e4 30. Nf5 Bc5+ 31. Kg2 Ref6 32. g4 Re8 33. Rd8
Rfe6 34. Rxe8+ Rxe8 35. Re1 Rd8 36. Re2 Rd3 37. Ng3 e3 38. Nf5 a5 39. Kf3 a4
40. bxa4 Ra3 41. Nxe3 Rxa4 42. Nd5 Rxc4 43. Rb2 Ra4 44. Nxb6 Bxb6 45. Rxb6 Rxa2
46. Kf4 Rf2+ 47. Kg5 Rg2 48. Rb7 Kf8 49. Kf6 Rf2+ 50. Kg6 Rg2 51. g5 Rg1 52.
Rb8+ Ke7 53. Rg8 Rg2 54. Kh7 Rh2+ 55. Kg7 Rg2 56. g6 Ke6 57. Rf8 Ke7 58. Rf1
Ke6 59. Re1+ Kd7 60. Kf7 Rf2+ 61. Kg8 Rg2 62. g7 Rg3 63. Re4 Rg1 64. Kf7 Rf1+
65. Kg6 Rg1+ 66. Kf6 Kd6 67. Rd4+ Kc7 68. Rd5 Kc6 69. Rg5 1-0

[Event "Xtracon GM"]
[Site "Borup"]
[Date "2009.09.11"]
[Round "6"]
[White "Rausis, Igors"]
[Black "De Verdier, Michael"]
[Result "1-0"]
[WhiteElo "2525"]
[BlackElo "2276"]
[PlyCount "161"]
[EventDate "2009.09.04"]
[EventType "swiss"]
[EventRounds "9"]
[EventCountry "DEN"]
[Source "ChessBase"]
[SourceDate "2009.11.03"]

1. e4 c5 2. c3 d6 3. d4 Nf6 4. Bd3 g6 5. dxc5 dxc5 6. e5 Nd5 7. Be4 Nc7 8.
Qxd8+ Kxd8 9. Be3 Nd7 10. Nf3 Bg7 11. Na3 Ne6 12. O-O-O a6 13. Nc4 Kc7 14. Rd2
Rb8 15. Rhd1 b6 16. Ng5 Nxg5 17. Bxg5 Nxe5 18. Bf4 f6 19. Ne3 Be6 20. Bd5 Bd7
21. Bc4 Bc6 22. Bxa6 Rhd8 23. Bc4 Rxd2 24. Rxd2 Rd8 25. Bd5 Rd6 26. Bxc6 Kxc6
27. Bxe5 fxe5 28. Kc2 Bh6 29. Re2 Bxe3 30. Rxe3 Rf6 31. f3 Kd5 32. a4 c4 33. b4
cxb3+ 34. Kxb3 Rf4 35. g3 Rf5 36. Kb4 Kc6 37. c4 Rh5 38. h4 Kc7 39. Kb3 Kd6 40.
Rd3+ Kc6 41. Re3 Kd6 42. Kb4 Kc7 43. c5 bxc5+ 44. Kb5 c4 45. Kxc4 Kc6 46. Kd3
Kd5 47. Re1 g5 48. Rh1 Rh6 49. Ke3 gxh4 50. Rxh4 Ra6 51. Rb4 h5 52. Rb5+ Ke6
53. a5 Kf5 54. f4 Kg4 55. Rxe5 Kxg3 56. Rxh5 Rf6 57. Rg5+ Kh4 58. Kf3 Rc6 59.
Re5 Rc3+ 60. Re3 Rc7 61. a6 Kh5 62. Ra3 Ra7 63. Ke4 Kg6 64. Ke5 Kf7 65. Ra5 Ke8
66. Kd5 Kd7 67. Kc5 Kc7 68. f5 Kb8 69. Kd5 Kc7 70. Ke6 Kd8 71. Kf7 Kd7 72. Re5
Rxa6 73. Rxe7+ Kd8 74. f6 Ra2 75. Re4 Rd2 76. Kf8 Rd1 77. f7 Rd2 78. Rg4 Rf2
79. Kg8 Ke7 80. Re4+ Kd6 81. f8=Q+ 1-0

[Event "Xtracon GM"]
[Site "Borup"]
[Date "2009.09.11"]
[Round "6"]
[White "Rosenkilde, Alexander"]
[Black "Jensen, Jan Kargaard"]
[Result "1-0"]
[WhiteElo "2180"]
[BlackElo "1762"]
[PlyCount "49"]
[EventDate "2009.09.04"]
[EventType "swiss"]
[EventRounds "9"]
[EventCountry "DEN"]
[Source "ChessBase"]
[SourceDate "2009.11.03"]

1. d4 Nf6 2. c4 e6 3. Nf3 b6 4. g3 Bb7 5. Bg2 Bb4+ 6. Bd2 Bxd2+ 7. Nbxd2 O-O 8.
O-O d6 9. Qc2 c5 10. e4 Nc6 11. e5 dxe5 12. dxe5 Nh5 13. Rad1 Qe7 14. Ne4 Nb4
15. Qb1 Rad8 16. Nfg5 Bxe4 17. Nxe4 g6 18. a3 Na6 19. Qc1 Rxd1 20. Rxd1 Rd8 21.
Rxd8+ Qxd8 22. g4 Ng7 23. Nf6+ Kf8 24. Nxh7+ Ke8 25. Bc6+ 1-0

[Event "Xtracon GM"]
[Site "Borup"]
[Date "2009.09.11"]
[Round "6"]
[White "Skovgaard, Peter Nicolai"]
[Black "Smith, Axel"]
[Result "1/2-1/2"]
[WhiteElo "2256"]
[BlackElo "2415"]
[PlyCount "81"]
[EventDate "2009.09.04"]
[EventType "swiss"]
[EventRounds "9"]
[EventCountry "DEN"]
[Source "ChessBase"]
[SourceDate "2009.11.03"]

1. e4 c5 2. Nf3 d6 3. d4 cxd4 4. Nxd4 Nf6 5. Nc3 a6 6. h3 e6 7. g4 Be7 8. Bg2
Nfd7 9. O-O Nc6 10. Re1 O-O 11. f4 Nxd4 12. Qxd4 e5 13. Qd1 exf4 14. Bxf4 Ne5
15. Nd5 Bh4 16. Re2 Be6 17. Rd2 Nc4 18. Rd4 Bxd5 19. Rxd5 Qf6 20. Qc1 Rac8 21.
b3 Ne5 22. g5 Qe7 23. Qd2 f6 24. Rxd6 Rxc2 25. Qd5+ Kh8 26. Rf1 Ng6 27. Be3 Re2
28. gxf6 Bxf6 29. Bc5 Nh4 30. Rf2 Re1+ 31. Bf1 Qe8 32. Kh1 Qg6 33. e5 Qg3 34.
Rd8 Qxh3+ 35. Kg1 Qg3+ 36. Kh1 Qh3+ 37. Kg1 Qg3+ 38. Kh1 Rxf1+ 39. Rxf1 Qh3+
40. Kg1 Qg3+ 41. Kh1 1/2-1/2

[Event "Xtracon GM"]
[Site "Borup"]
[Date "2009.09.11"]
[Round "6"]
[White "Sulskis, Sarunas"]
[Black "Jacobsen, Bo"]
[Result "1-0"]
[WhiteElo "2568"]
[BlackElo "2321"]
[PlyCount "53"]
[EventDate "2009.09.04"]
[EventType "swiss"]
[EventRounds "9"]
[EventCountry "DEN"]
[Source "ChessBase"]
[SourceDate "2009.11.03"]

1. e4 e5 2. Nf3 Nc6 3. Bb5 Nf6 4. O-O d6 5. d4 Bd7 6. Nc3 Be7 7. Bxc6 Bxc6 8.
Qd3 exd4 9. Nxd4 Bd7 10. Bg5 O-O 11. Rad1 Re8 12. h3 Rc8 13. Rfe1 Nh5 14. Bxe7
Qxe7 15. Qe3 a6 16. Nd5 Qd8 17. Qf3 Nf6 18. Nxf6+ Qxf6 19. Qxf6 gxf6 20. f3 Re5
21. Kf2 Kf8 22. g4 Be6 23. a3 a5 24. c3 Ra8 25. b4 axb4 26. axb4 Ra3 27. f4 1-0

[Event "Xtracon GM"]
[Site "Borup"]
[Date "2009.09.12"]
[Round "7"]
[White "Andersen, Lars Ren"]
[Black "Christensen, Casper"]
[Result "1-0"]
[WhiteElo "2095"]
[BlackElo "1842"]
[PlyCount "99"]
[EventDate "2009.09.04"]
[EventType "swiss"]
[EventRounds "9"]
[EventCountry "DEN"]
[Source "ChessBase"]
[SourceDate "2009.11.03"]

1. e4 d6 2. d4 g6 3. c4 Bg7 4. Nc3 Nf6 5. f3 O-O 6. Be3 Nbd7 7. Qd2 e5 8. d5
Ne8 9. O-O-O Nb6 10. Bd3 f5 11. Nge2 c6 12. Kb1 a6 13. dxc6 bxc6 14. c5 Nd7 15.
Bc4+ Kh8 16. cxd6 Rb8 17. Na4 f4 18. Ba7 Rb7 19. Bf2 Rb8 20. Nc5 Nxc5 21. Bxc5
Qd7 22. Qd3 Qb7 23. Qa3 Nf6 24. Nc3 Nd7 25. Na4 Rf6 26. Rd3 Bf8 27. Rhd1 Qa8
28. Bf2 Qb7 29. Nc5 Nxc5 30. Bxc5 Qd7 31. Qa5 Ra8 32. b4 Rb8 33. Kc2 g5 34. h3
h5 35. Qc7 Rb7 36. Qxd7 Rxd7 37. Kb3 Kg7 38. Ka4 Kg6 39. Ka5 Bb7 40. Bxa6 Bxa6
41. Kxa6 Rff7 42. Kb6 Kf6 43. Kxc6 Ke6 44. a4 Bg7 45. a5 Rf8 46. Bb6 Rb8 47. b5
Bf6 48. a6 Bd8 49. Bc7 Ra8 50. Kb7 1-0

[Event "Xtracon GM"]
[Site "Borup"]
[Date "2009.09.12"]
[Round "7"]
[White "Battaglini, Gabriel"]
[Black "Semcesen, Daniel"]
[Result "0-1"]
[WhiteElo "2360"]
[BlackElo "2465"]
[PlyCount "42"]
[EventDate "2009.09.04"]
[EventType "swiss"]
[EventRounds "9"]
[EventCountry "DEN"]
[Source "ChessBase"]
[SourceDate "2009.11.03"]

1. d4 d5 2. c4 dxc4 3. Nf3 Nf6 4. e3 Bg4 5. Bxc4 e6 6. h3 Bh5 7. Nc3 a6 8. O-O
Nc6 9. Qe2 Bb4 10. Rd1 O-O 11. a3 Bxc3 12. bxc3 Ne4 13. Qc2 Bxf3 14. gxf3 Nd6
15. Ba2 Qh4 16. Kh2 Qh5 17. Qe2 Ne4 18. Rd3 Ne7 19. Bd2 Ng5 20. e4 Nxh3 21. Kg3
Ng6 0-1

[Event "Xtracon GM"]
[Site "Borup"]
[Date "2009.09.12"]
[Round "7"]
[White "Bonnelykke, Ole"]
[Black "Andersen, Rune Egede"]
[Result "1/2-1/2"]
[WhiteElo "2118"]
[BlackElo "2026"]
[PlyCount "126"]
[EventDate "2009.09.04"]
[EventType "swiss"]
[EventRounds "9"]
[EventCountry "DEN"]
[Source "ChessBase"]
[SourceDate "2009.11.03"]

1. f4 d5 2. Nf3 c5 3. e3 Nc6 4. d4 g6 5. c3 Bg7 6. Bd3 Bg4 7. O-O Qb6 8. Kh1
Nh6 9. Nbd2 O-O 10. Qe1 f6 11. e4 dxe4 12. dxc5 Qxc5 13. Nxe4 Qh5 14. Ng3 Qa5
15. Be3 Kh8 16. Nd4 Nxd4 17. Bxd4 e5 18. b4 Qd5 19. Be4 Qd7 20. Bc5 Rfe8 21.
fxe5 Rxe5 22. Bd4 Re7 23. Qf2 f5 24. Bxg7+ Kxg7 25. Bf3 Bxf3 26. Qxf3 Rae8 27.
Qf4 Ng4 28. Qg5 h6 29. Qf4 Ne3 30. Rfe1 Qc6 31. Qd4+ Kh7 32. Re2 Nxg2 33. b5
Qxb5 34. Rxe7+ Rxe7 35. Qf6 Rg7 36. c4 Qxc4 37. Kxg2 f4 38. Nf1 Qe2+ 39. Kh3
Rd7 40. Qxf4 Qe6+ 41. Qg4 Rd3+ 42. Ng3 Qf7 43. Re1 h5 44. Qe4 Ra3 45. Qe7 Qxe7
46. Rxe7+ Kh6 47. Re2 Kg5 48. Kg2 h4 49. Ne4+ Kf4 50. Nf2 g5 51. Rb2 b6 52.
Nh3+ Kg4 53. Nf2+ Kf4 54. h3 Rg3+ 55. Kf1 Ra3 56. Rd2 b5 57. Rd4+ Ke3 58. Re4+
Kf3 59. Re2 Kf4 60. Rb2 a6 61. Kg2 Rg3+ 62. Kf1 Rf3 63. Kg2 Rg3+ 1/2-1/2

[Event "Xtracon GM"]
[Site "Borup"]
[Date "2009.09.12"]
[Round "7"]
[White "Flindt, Thomas"]
[Black "Madsen, Poul Henrik"]
[Result "1/2-1/2"]
[WhiteElo "2166"]
[BlackElo "2075"]
[PlyCount "82"]
[EventDate "2009.09.04"]
[EventType "swiss"]
[EventRounds "9"]
[EventCountry "DEN"]
[Source "ChessBase"]
[SourceDate "2009.11.03"]

1. e4 g6 2. Nf3 Bg7 3. Bc4 d6 4. O-O Nc6 5. d4 e5 6. dxe5 dxe5 7. Nc3 Bg4 8.
Qxd8+ Rxd8 9. Ng5 Nh6 10. Nd5 Rd7 11. f3 Be6 12. Nxe6 fxe6 13. Bxh6 exd5 14.
Bxg7 Rxg7 15. Bxd5 Nd8 16. Rad1 Rf8 17. Rd3 Rf6 18. Rfd1 Rd6 19. Kf2 Rgd7 20.
Ke3 g5 21. g3 h6 22. Bb3 Ke7 23. Rxd6 Rxd6 24. Rxd6 Kxd6 25. Bd5 b6 26. f4 c6
27. Bb3 gxf4+ 28. gxf4 b5 29. f5 Ke7 30. c4 a6 31. cxb5 axb5 32. Kd3 Nb7 33.
Kc3 Nc5 34. Bc2 Nd7 35. b3 Kd6 36. Kb4 Kc7 37. a4 Kb6 38. axb5 cxb5 39. Kc3 Kc5
40. b4+ Kc6 41. Bd3 Nf6 1/2-1/2

[Event "Xtracon GM"]
[Site "Borup"]
[Date "2009.09.12"]
[Round "7"]
[White "Gajic, Mladen"]
[Black "Lund, Silas"]
[Result "0-1"]
[WhiteElo "2263"]
[BlackElo "2392"]
[PlyCount "96"]
[EventDate "2009.09.04"]
[EventType "swiss"]
[EventRounds "9"]
[EventCountry "DEN"]
[Source "ChessBase"]
[SourceDate "2009.11.03"]

1. e4 e5 2. Bc4 Nf6 3. d3 Nc6 4. Nf3 Be7 5. Bb3 O-O 6. O-O d5 7. exd5 Nxd5 8.
Re1 Bg4 9. h3 Bxf3 10. Qxf3 Nd4 11. Qd1 Nxb3 12. axb3 Bd6 13. Bd2 Qd7 14. Nc3
Nb4 15. Ne4 Nc6 16. Bc3 f5 17. Nxd6 Qxd6 18. b4 a6 19. Qd2 Rae8 20. f3 Re6 21.
f4 e4 22. dxe4 fxe4 23. g3 Qxd2 24. Bxd2 Nd4 25. Red1 Nxc2 26. Rac1 Nd4 27. Kf2
Nb3 28. Rc3 Nxd2 29. Rxd2 Re7 30. Ke3 Rf6 31. Rc4 Rg6 32. g4 Rh6 33. Rh2 Rd6
34. Rhc2 Rd3+ 35. Ke2 Rb3 36. h4 c6 37. h5 Rg3 38. g5 Rh3 39. Rd2 Rxh5 40. Rdd4
Rh2+ 41. Ke3 Rh3+ 42. Ke2 e3 43. Re4 Rxe4 44. Rxe4 Kf7 45. Rd4 Ke6 46. Rd8 Kf5
47. Rd7 g6 48. Rxb7 Kxf4 0-1

[Event "Xtracon GM"]
[Site "Borup"]
[Date "2009.09.12"]
[Round "7"]
[White "Hansen, Lars Henrik Bech"]
[Black "Larsen, Jesper Riis"]
[Result "1/2-1/2"]
[WhiteElo "2096"]
[BlackElo "1998"]
[PlyCount "20"]
[EventDate "2009.09.04"]
[EventType "swiss"]
[EventRounds "9"]
[EventCountry "DEN"]
[Source "ChessBase"]
[SourceDate "2009.11.03"]

1. e4 c5 2. Nf3 e6 3. d4 cxd4 4. Nxd4 Nc6 5. Nxc6 bxc6 6. Bd3 d5 7. O-O Nf6 8.
exd5 cxd5 9. c4 dxc4 10. Bxc4 Qxd1 1/2-1/2